[Event "POL-chT Academic"]
[Site "Chorzow"]
[Date "2022.04.02"]
[Round "1.17"]
[White "Rak, Maciej"]
[Black "Wawszczak, Marcin"]
[Result "1-0"]
[WhiteElo "1776"]
[BlackElo "1506"]
[PlyCount "79"]
[EventDate "2022.04.02"]
[EventType "team-swiss (rapid)"]
[EventRounds "9"]
[EventCountry "POL"]
[SourceTitle "EXT 2024"]
[Source "ChessBase"]
[SourceDate "2023.10.10"]
[SourceVersion "1"]
[SourceVersionDate "2023.10.10"]
[SourceQuality "1"]

1. f4 d5 2. Nf3 Nf6 3. b3 c6 4. Bb2 Bf5 5. e3 Nbd7 6. Be2 e6 7. 0-0 Bc5 8. d4 Bb6 9. Bd3 Ne4 10. Nbd2 Ndf6 11. Ne5 h5 12. a4 Ng4 13. Qe1 Ba5 14. Bxe4 Bxe4 15. c3 Bf5 16. e4 dxe4 17. Nxe4 Qd5 18. Nd2 Bb6 19. Nec4 Bd3 20. Rf3 Bxc4 21. Nxc4 0-0-0 22. Qe2 Rhe8 23. Nxb6+ axb6 24. c4 Qd7 25. a5 b5 26. a6 bxa6 27. Rxa6 Kb7 28. Ra2 Ra8 29. Bc3 Rxa2 30. Qxa2 Ra8 31. Qb2 c5 32. cxb5 cxd4 33. Bxd4 Qxb5 34. h3 Nh6 35. Bxg7 Nf5 36. Be5 Nh4 37. Rc3 Qd5 38. Rc7+ Kb6 39. Qf2+ Kb5 40. Qxh4 1-0